Familia, divorcio y moral
Guardat en:
| Autor principal: | |
|---|---|
| Format: | Llibre |
| Idioma: | espanyol |
| Publicat: |
Santiago
Jurídica de Chile
1994
|
| Col·lecció: | Colección temas
|
| Matèries: | |
| Etiquetes: |
Afegir etiqueta
Sense etiquetes, Sigues el primer a etiquetar aquest registre!
|
MARC
| LEADER | 00000nam a2200000 a 4500 | ||
|---|---|---|---|
| 001 | UCY0526 | ||
| 003 | CL-VaPUC | ||
| 008 | 940803e19940000CL |||||||||||||||||spa|d | ||
| 082 | 0 | 4 | |a 306.89 |b VEL |2 21 |
| 100 | 0 | |a Velasco Letelier, Eugenio |e author |9 328274 | |
| 245 | 1 | 0 | |a Familia, divorcio y moral |
| 300 | |a 98 p | ||
| 942 | |c BK | ||
| 945 | |d 19940803 00:00:00 |a rbrito | ||
| 260 | |a Santiago |b Jurídica de Chile |c 1994 | ||
| 650 | 0 | |a Derecho de familia |9 255603 | |
| 650 | 0 | |a Divorcio |9 256204 | |
| 650 | 0 | |a Familias |9 255641 | |
| 650 | 0 | |a Aspectos morales |9 256217 | |
| 583 | |a last modification |c 20180227 02:00:13 |k Rodrigo Vera | ||
| 490 | 0 | |a Colección temas | |
| 999 | |c 229513 |d 229511 | ||
| 952 | |0 0 |1 0 |4 0 |6 306_890000000000000_VEL_1994 |7 0 |8 A |9 230746 |a BIBEDU |b BIBEDU |d 2019-11-15 |i 2999846 |o 306.89 VEL 1994 |p 2999846 |r 2019-11-15 |w 2019-11-15 |y BK |k EDU | ||